| 000 | 01438cam a2200409 a 4500 | ||
|---|---|---|---|
| 001 | 13954558 | ||
| 003 | OSt | ||
| 005 | 20230606083433.0 | ||
| 008 | 050506s2002 enk 001 0 eng d | ||
| 010 | _a 2005275118 | ||
| 015 | _aGBA2-W2249 | ||
| 020 | _a0406948003 | ||
| 020 | _a0406960208 (ISE ed.) | ||
| 035 | _a(OCoLC)ocm59463521 | ||
| 040 |
_aUKV3G _cUKV3G _dDLC |
||
| 042 | _alccopycat | ||
| 043 | _ae-uk-en | ||
| 082 | 0 | 0 |
_a345.41 _bSMI |
| 100 | 1 |
_aSmith, J. C. _q(John Cyril) |
|
| 245 | 1 | 0 |
_aSmith & Hogan criminal law : _bcases and materials. |
| 246 | 3 | _aSmith and Hogan criminal law | |
| 246 | 3 | 0 | _aCriminal law |
| 250 |
_a8th ed. / _bSir John Smith. |
||
| 260 |
_aLondon ; _aDayton, Ohio : _bLexisNexis/Butterworths, _cc2002. |
||
| 300 |
_aliv, 781 p. ; _c25 cm. |
||
| 500 | _aPrev. ed.: Criminal law / J.C. Smith and Brian Hogan. 1992. | ||
| 504 | _aIncludes index. | ||
| 650 | 0 |
_aCriminal law _zEngland. |
|
| 655 | 7 |
_aCasebooks (Law) _2lcgft |
|
| 700 | 1 |
_aHogan, Brian, _d1932-1996. |
|
| 700 | 1 |
_aSmith, J. C. _q(John Cyril). _tCriminal law. |
|
| 856 | 4 | 2 |
_3Publisher description _uhttp://www.loc.gov/catdir/enhancements/fy0638/2005275118-d.html |
| 856 | 4 | 1 |
_3Table of contents only _uhttp://www.loc.gov/catdir/enhancements/fy0638/2005275118-t.html |
| 906 |
_a7 _bcbc _ccopycat _d2 _encip _f20 _gy-gencatlg |
||
| 942 |
_2ddc _cBK |
||
| 999 |
_c481 _d481 |
||